000 00238nam a2200097Ia 4500
008 190216s9999||||xx |||||||||||||| ||und||
100 _aKrishna Menon V K
245 0 _aIndiayum Chinayude Akramanavum
260 _bCurrent Books
942 _cBK
999 _c23677
_d23677